000 00609nam a2200229 i 4500
001 C2-0228141
003 PPAK
005 20180728155342.0
008 000806s1987 enk |||| ||||| | eng d
040 _aPPAK
_beng
_cPPAK
_erda
082 0 4 _a823.3
_223
090 0 0 _a823.3
_bSHE
_dKSI
100 1 _aSheldon, Sidney,
_eauthor
245 1 0 _aWindmills of the gods
264 1 _aGlasgow :
_bWilliam Harper Collins ,
_c1987
300 _a412 pages ;
_c18 cm
336 _2rdacontent
_atext
337 _2rdamedia
_aunmediated
338 _2rdacarrier
_avolume
650 1 0 _aEnglish fiction
942 _ddc
_cB
999 _c148084
_d148084